000 00706nam a2200289Ia 4500
005 20260324142532.0
008 008 260324s9999 xx 000 0 eng d
020 _a9780203877913
037 _aEBOOK
040 _aCRL
040 _beng
040 _cCRL
041 _2eng
041 _aeng
084 _qCRL
100 _aConstance T. Fischer
_91212299
245 0 _aIndividualizing Psychological Assessment
245 2 _bA Collaborative and Therapeutic Approach
260 _bTaylor and Francis
260 _c1994
365 _a
365 _b195
856 _uhttp://www.taylorfrancis.com/books/9780203877913
942 _cEBOOK
999 _c1816610
_d1816610